000 00707nam a2200229Ia 4500
003 OSt
005 20220918205500.0
006 a|||||r|||| 00| 0
007 ta
008 220917b |||||||| |||| 00| 0 eng d
024 _a116,723
037 _cTextual
040 _aARTS
_cARTS
_beng
041 _2eng
_aeng
082 _aV6:1:N5, 122J0 (906)
100 _aDescamps E
_9115228
245 0 _aL'Afrique nouvelle
_b essai sur ;'etat civilisateure dans les pays neufs et sur la foundation l'organisation et le goverment de ;'etat independant du congo
260 _c1950
650 _aHISTORY
942 _hV6:1:N5, 122J0 (906)
_cTEXL
_2CC
999 _c240044
_d240044